<?xml version="1.0" encoding="UTF-8"?>
<record
    xmlns:xsi="http://www.w3.org/2001/XMLSchema-instance"
    xsi:schemaLocation="http://www.loc.gov/MARC21/slim http://www.loc.gov/standards/marcxml/schema/MARC21slim.xsd"
    xmlns="http://www.loc.gov/MARC21/slim">

  <leader>00538nam a22001457a 4500</leader>
  <controlfield tag="005">20250726104039.0</controlfield>
  <controlfield tag="008">250726b        |||||||| |||| 00| 0 eng d</controlfield>
  <datafield tag="050" ind1=" " ind2=" ">
    <subfield code="a">REF BS1121</subfield>
    <subfield code="b">NEW</subfield>
  </datafield>
  <datafield tag="245" ind1=" " ind2=" ">
    <subfield code="a">A NEW CONCORDANCE OF THE BIBLE;</subfield>
    <subfield code="b">THESAURUS OF THE LANGUAGE  OF THE BIBLE HEBREW AND ARAMAIC ROOTS, WORDS, PROPER NAMES  PHRASES AND SYNONYMS</subfield>
    <subfield code="c">EDITED BY ABRAHAM EVEN-SHOSHAN</subfield>
  </datafield>
  <datafield tag="250" ind1=" " ind2=" ">
    <subfield code="a">2ND</subfield>
  </datafield>
  <datafield tag="260" ind1=" " ind2=" ">
    <subfield code="a">JERUSALEM</subfield>
    <subfield code="b">'KIRYAT SEFER' PUBLISHING HOUSE LTD,</subfield>
    <subfield code="c"> 1997</subfield>
  </datafield>
  <datafield tag="300" ind1=" " ind2=" ">
    <subfield code="a">xii, 1240p</subfield>
  </datafield>
  <datafield tag="700" ind1=" " ind2=" ">
    <subfield code="a">ABRAHAM EVEN-SHOSHAN</subfield>
  </datafield>
  <datafield tag="942" ind1=" " ind2=" ">
    <subfield code="2">lcc</subfield>
    <subfield code="c">BK</subfield>
    <subfield code="n">0</subfield>
  </datafield>
  <datafield tag="999" ind1=" " ind2=" ">
    <subfield code="c">7187</subfield>
    <subfield code="d">7187</subfield>
  </datafield>
  <datafield tag="952" ind1=" " ind2=" ">
    <subfield code="0">0</subfield>
    <subfield code="1">0</subfield>
    <subfield code="2">lcc</subfield>
    <subfield code="4">0</subfield>
    <subfield code="7">0</subfield>
    <subfield code="8">REF</subfield>
    <subfield code="a">CUL1</subfield>
    <subfield code="b">CUL1</subfield>
    <subfield code="c">GEN</subfield>
    <subfield code="d">2025-07-26</subfield>
    <subfield code="l">0</subfield>
    <subfield code="o">REF BS1121 NEW</subfield>
    <subfield code="p">ulct00004188</subfield>
    <subfield code="r">2025-07-26 10:41:56</subfield>
    <subfield code="t">1</subfield>
    <subfield code="w">2025-07-26</subfield>
    <subfield code="y">BK</subfield>
  </datafield>
</record>
